00742nam a22002297a 4500003000900000005001700009008004100026020001800067040003400085082001600119100003200135245009700167250001900264260003700283300002900320490001700349500002600366600003500392650003300427651002300460830002900483AR-BeUNQ20250513181838.0250513b20102025|||abcedrfin| 00| 0 spa d a9789501303278 aAR-BeUNQbspacAR-BeUNQeaacr 221a909 RIZ aRizzi, Analiaccoaut.d1970 aUna Historia para pensar :bModerna y ContempoáneacAnalia Rizzi y Barbara Raiterhlibro.  a1a.edb3areimp aBuenos Aires :bKapelucz,c2009. a320 p. ;bil. ;c29x22cm aPara Pensar. amanuaql de secundaria aRaiter, Bárbaraccoautd1970 2Historia-Enseñanzaaspines 2unescotaArgentina vUna Historia Para Pensar